Yüklüyor......
Palagic and semi Pelagic trawling gear.Surrey, fishing news books.19
| Yazar: | |
|---|---|
| Materyal Türü: | Printed Book |
| Dil: | English |
| Konular: |
| LEADER | 00652nam a2200253 a 4500 | ||
|---|---|---|---|
| 001 | adlib96000001 | ||
| 003 | ViArRB | ||
| 005 | 20151026131030.0 | ||
| 008 | 960221s1955 dcuabcdjdbkoqu001 0deng d | ||
| 020 | |||
| 022 | |||
| 040 | |a Adlib | ||
| 082 | |a 639.2.065 | ||
| 245 | |a Palagic and semi Pelagic trawling gear.Surrey, fishing news books.19 | ||
| 250 | |||
| 260 | |||
| 300 | |a 60p. | ||
| 500 | |a | ||
| 100 | |a Garner, John | ||
| 700 | |||
| 942 | |c BK |6 _ | ||
| 653 | |a Trawls and Trawling | ||
| 999 | |c 18948 |d 18948 | ||
| 952 | |0 0 |1 0 |4 0 |6 6392065_GAR |7 0 |9 30494 |a UL |b UL |d 2010-06-16 |l 1 |o 639.2.065 GAR |p 00018735 |r 2011-09-30 |s 2011-09-25 |w 2010-06-16 |y BK | ||